| 000 | 00728cam a22002533a 4500 | ||
|---|---|---|---|
| 001 | 42091 | ||
| 003 | PGUSA | ||
| 005 | 20140828083941.0 | ||
| 008 | 130213s2013||||xxu|||||s|||||000 | eng d | ||
| 040 |
_aPGUSA _beng |
||
| 042 | _adc | ||
| 100 | 1 | _aIonides, Cyril | |
| 245 | 1 | 2 |
_aA Floating Home _h[electronic resource] / _cCyril Ionides |
| 260 |
_bProject Gutenberg, _c2013 |
||
| 506 | _aPublic domain in the USA. | ||
| 516 | _aElectronic text | ||
| 653 | _aEssex (England) -- Description and travel | ||
| 653 | _aThames River (England) | ||
| 653 | _aBoats and boating | ||
| 700 | 1 |
_aBennett, Arnold, _d1867-1931 |
|
| 830 | 0 |
_aProject Gutenberg _v42091 |
|
| 856 | 4 | 0 | _uhttp://www.gutenberg.org/ebooks/42091 |
| 942 | _cEB | ||
| 999 |
_c271343 _d271343 |
||